[Event "Sevilla Open 2018"]
[Site "Sevilla ESP"]
[Date "2018.01.16"]
[Round "5.5"]
[White "Kveinys, Aloyzas"]
[Black "Aguera Naredo, Javier"]
[Result "1-0"]
[WhiteElo "2547"]
[BlackElo "2391"]
[PlyCount "73"]
[EventDate "2018.01.12"]
[EventType "swiss"]
[EventRounds "9"]
[EventCountry "ESP"]
[SourceTitle "Ajedrez en Madrid"]
[Source "lmi"]
[SourceDate "2018.01.12"]
[SourceVersion "1"]
[SourceVersionDate "2018.01.25"]
[SourceQuality "1"]
[WhiteTeam "Lituania"]
[BlackTeam "España"]
[WhiteTeamCountry "LTU"]
[BlackTeamCountry "ESP"]

1. d4 Nf6 2. Nf3 g6 3. Bf4 Bg7 4. c3 O-O 5. h3 d6 6. Nbd2 c5 7. dxc5 dxc5 8. e4
b6 9. Qc2 Bb7 10. Be2 Nc6 11. O-O Nh5 12. Bh2 e5 13. Rfe1 Qe7 14. Bc4 Rfd8 15.
Bd5 Nf4 16. Bxf4 exf4 17. a4 Na5 18. Nb3 Nxb3 19. Qxb3 Bxd5 20. exd5 Qc7 21.
Re4 Bf6 22. Rae1 Qd6 23. c4 Kf8 24. R1e2 Re8 25. Kf1 Rxe4 26. Rxe4 Re8 27.
Rxe8+ Kxe8 28. Qb5+ Kf8 29. b3 Bc3 30. Ke2 Qf6 31. Qd7 Ba5 32. Kd3 Qc3+ 33. Ke4
Qc2+ 34. Ke5 Qxf2 35. Qd8+ Kg7 36. Qf6+ Kg8 37. Kd6 1-0

[Event "Sevilla Open 2018"]
[Site "Sevilla ESP"]
[Date "2018.01.16"]
[Round "5.6"]
[White "Ondersteijn, Niels"]
[Black "Santos Latasa, Jaime"]
[Result "0-1"]
[WhiteElo "2370"]
[BlackElo "2546"]
[PlyCount "94"]
[EventDate "2018.01.12"]
[EventType "swiss"]
[EventRounds "9"]
[EventCountry "ESP"]
[SourceTitle "Ajedrez en Madrid"]
[Source "lmi"]
[SourceDate "2018.01.12"]
[SourceVersion "1"]
[SourceVersionDate "2018.01.25"]
[SourceQuality "1"]
[WhiteTeam "Holanda"]
[BlackTeam "España"]
[WhiteTeamCountry "NED"]
[BlackTeamCountry "ESP"]

1. c4 c5 2. g3 g6 3. Bg2 Bg7 4. Nc3 Nc6 5. a3 d6 6. Rb1 a5 7. d3 e5 8. Nf3 Nge7
9. O-O O-O 10. Bd2 h6 11. Ne1 Be6 12. Nc2 d5 13. cxd5 Nxd5 14. Ne3 Nde7 15. Na4
b6 16. b4 cxb4 17. axb4 b5 18. Nc5 Ba2 19. Nb7 Qd7 20. Nxa5 Bxb1 21. Nxc6 Nxc6
22. Qxb1 Nd4 23. Re1 e4 24. Kf1 Ra3 25. Bxe4 Qh3+ 26. Bg2 Qxh2 27. Nc2 Rb3 28.
Qa2 Nxc2 29. Qxb3 Nxe1 30. Bxe1 Rc8 31. Bd2 h5 32. e3 h4 33. gxh4 Qxh4 34. d4
Qg4 35. Qb1 Bf6 36. Be1 Kg7 37. Bd2 Rc7 38. Be1 Be7 39. Qe4 Qg5 40. f4 Qf6 41.
Ke2 Bd6 42. Qd3 Qe7 43. Qe4 Qf6 44. Qd3 Qe6 45. Kf3 Rc4 46. Bc3 Qc8 47. Ba1
Qa8+ 0-1

[Event "Sevilla Open 2018"]
[Site "Sevilla ESP"]
[Date "2018.01.16"]
[Round "5.7"]
[White "Saric, Ante"]
[Black "Campora, Daniel H"]
[Result "1/2-1/2"]
[WhiteElo "2537"]
[BlackElo "2417"]
[PlyCount "63"]
[EventDate "2018.01.12"]
[EventType "swiss"]
[EventRounds "9"]
[EventCountry "ESP"]
[SourceTitle "Ajedrez en Madrid"]
[Source "lmi"]
[SourceDate "2018.01.12"]
[SourceVersion "1"]
[SourceVersionDate "2018.01.25"]
[SourceQuality "1"]
[WhiteTeam "Croacia"]
[BlackTeam "Argentina"]
[WhiteTeamCountry "CRO"]
[BlackTeamCountry "ARG"]

1. Nf3 d5 2. d4 Nf6 3. c4 c6 4. e3 g6 5. Nc3 Bg7 6. Bd3 O-O 7. O-O Bg4 8. h3
Bxf3 9. Qxf3 e6 10. Rd1 Nbd7 11. b3 Re8 12. Bb2 a6 13. Qe2 Qa5 14. a3 Qb6 15.
b4 Qa7 16. f4 dxc4 17. Bxc4 Nd5 18. Ne4 Qb8 19. Nc5 Qc7 20. Rac1 a5 21. Nxd7
Qxd7 22. b5 Rec8 23. a4 Qe7 24. bxc6 Rxc6 25. Bb5 Rcc8 26. Qd2 Qb4 27. Qxb4
axb4 28. Kf2 Bf8 29. Ke2 Nc3+ 30. Bxc3 bxc3 31. Kd3 Bb4 32. Kc2 1/2-1/2

[Event "Sevilla Open 2018"]
[Site "Sevilla ESP"]
[Date "2018.01.16"]
[Round "5.8"]
[White "Swapnil, S. Dhopade"]
[Black "Carrasco Martinez, Juan M"]
[Result "1/2-1/2"]
[WhiteElo "2533"]
[BlackElo "2373"]
[PlyCount "79"]
[EventDate "2018.01.12"]
[EventType "swiss"]
[EventRounds "9"]
[EventCountry "ESP"]
[SourceTitle "Ajedrez en Madrid"]
[Source "lmi"]
[SourceDate "2018.01.12"]
[SourceVersion "1"]
[SourceVersionDate "2018.01.25"]
[SourceQuality "1"]
[WhiteTeam "India"]
[BlackTeam "España"]
[WhiteTeamCountry "IND"]
[BlackTeamCountry "ESP"]

1. d4 Nf6 2. c4 c5 3. d5 b5 4. cxb5 a6 5. bxa6 g6 6. Nc3 Bg7 7. a7 Rxa7 8. e4
O-O 9. Nf3 e6 10. Be2 exd5 11. exd5 Ba6 12. O-O d6 13. Bf4 Qb6 14. Rb1 Nbd7 15.
Nd2 Bxe2 16. Qxe2 Nh5 17. Be3 Qa6 18. Qxa6 Rxa6 19. Nc4 Rb8 20. Bd2 Ne5 21. b3
f5 22. Nxe5 Bxe5 23. Na4 Nf6 24. Bc3 Nxd5 25. Bxe5 dxe5 26. Rbc1 Nb4 27. Rxc5
Nxa2 28. Rxe5 Rc6 29. Re3 Nc1 30. g3 Nxb3 31. Rb1 Rc1+ 32. Rxc1 Nxc1 33. Nc5
Rc8 34. Nd7 Kf7 35. Ne5+ Kf6 36. Nd7+ Kf7 37. h4 Rc7 38. Ne5+ Kf6 39. Nf3 Rc3
40. Rxc3 1/2-1/2

[Event "Sevilla Open 2018"]
[Site "Sevilla ESP"]
[Date "2018.01.16"]
[Round "5.9"]
[White "Gleizerov, Evgeny"]
[Black "Pogorelov, Ruslan"]
[Result "1-0"]
[WhiteElo "2509"]
[BlackElo "2358"]
[PlyCount "87"]
[EventDate "2018.01.12"]
[EventType "swiss"]
[EventRounds "9"]
[EventCountry "ESP"]
[SourceTitle "Ajedrez en Madrid"]
[Source "lmi"]
[SourceDate "2018.01.12"]
[SourceVersion "1"]
[SourceVersionDate "2018.01.25"]
[SourceQuality "1"]
[WhiteTeam "Rusia"]
[BlackTeam "Ucrania"]
[WhiteTeamCountry "RUS"]
[BlackTeamCountry "UKR"]

1. d4 Nf6 2. c4 e6 3. g3 Bb4+ 4. Bd2 Be7 5. Bg2 d5 6. Nf3 c6 7. a4 O-O 8. a5
Na6 9. O-O c5 10. cxd5 exd5 11. Nc3 Ne4 12. Be1 Bf6 13. dxc5 Nxc3 14. Bxc3 Bxc3
15. bxc3 Nxc5 16. Nd4 Be6 17. f4 Qd6 18. f5 Bd7 19. f6 g6 20. Qd2 Kh8 21. Qg5
Ne4 22. Bxe4 dxe4 23. Rf4 Rfc8 24. Qh6 Qf8 25. Qxf8+ Rxf8 26. Rxe4 Rfd8 27. Rb1
Rab8 28. Re7 Kg8 29. e4 Kf8 30. e5 h6 31. Kf2 b6 32. axb6 axb6 33. Ra1 Rbc8 34.
Ra7 Be8 35. e6 Rd6 36. Rxf7+ Bxf7 37. Rxf7+ Kg8 38. Rg7+ Kh8 39. Rd7 Rxd7 40.
exd7 Rd8 41. f7 Kg7 42. Ne6+ Kxf7 43. Nxd8+ Ke7 44. Nf7 1-0

[Event "Sevilla Open 2018"]
[Site "Sevilla ESP"]
[Date "2018.01.16"]
[Round "5.10"]
[White "Barrero Garcia, Carlos"]
[Black "Pap, Misa"]
[Result "0-1"]
[WhiteElo "2321"]
[BlackElo "2491"]
[PlyCount "64"]
[EventDate "2018.01.12"]
[EventType "swiss"]
[EventRounds "9"]
[EventCountry "ESP"]
[SourceTitle "Ajedrez en Madrid"]
[Source "lmi"]
[SourceDate "2018.01.12"]
[SourceVersion "1"]
[SourceVersionDate "2018.01.25"]
[SourceQuality "1"]
[WhiteTeam "España"]
[BlackTeam "Serbia"]
[WhiteTeamCountry "ESP"]
[BlackTeamCountry "SRB"]

1. Nf3 c5 2. b3 d5 3. e3 Nc6 4. Bb5 Bd7 5. O-O Nf6 6. Bb2 e6 7. d3 Be7 8. Bxc6
Bxc6 9. Ne5 Rc8 10. f4 O-O 11. Nd2 b5 12. Rf3 d4 13. Nxc6 Rxc6 14. a4 a6 15.
axb5 axb5 16. e4 e5 17. f5 Ng4 18. Nf1 Bg5 19. Bc1 Bxc1 20. Rxc1 c4 21. bxc4
bxc4 22. Rg3 Nf6 23. Nd2 c3 24. Nf3 Qc7 25. Ne1 Ra8 26. Rh3 Qa7 27. Kf1 h5 28.
Rh4 Ng4 29. Kg1 g6 30. h3 Ne3 31. Qe2 Qa3 32. Rb1 Qb2 0-1

[Event "Sevilla Open 2018"]
[Site "Sevilla ESP"]
[Date "2018.01.16"]
[Round "5.11"]
[White "Matamoros Franco, Carlos S"]
[Black "Alshameary Puente, Ismael"]
[Result "1/2-1/2"]
[WhiteElo "2484"]
[BlackElo "2342"]
[PlyCount "60"]
[EventDate "2018.01.12"]
[EventType "swiss"]
[EventRounds "9"]
[EventCountry "ESP"]
[SourceTitle "Ajedrez en Madrid"]
[Source "lmi"]
[SourceDate "2018.01.12"]
[SourceVersion "1"]
[SourceVersionDate "2018.01.25"]
[SourceQuality "1"]
[WhiteTeam "Ecuador"]
[BlackTeam "España"]
[WhiteTeamCountry "ECU"]
[BlackTeamCountry "ESP"]

1. Nf3 Nf6 2. g3 g6 3. Bg2 Bg7 4. O-O O-O 5. d4 d5 6. c4 c6 7. cxd5 cxd5 8. Ne5
Ne4 9. Nc3 Nxc3 10. bxc3 Nc6 11. Nxc6 bxc6 12. Qa4 Qb6 13. Ba3 Qa6 14. Qxa6
Bxa6 15. Rfe1 Rfe8 16. Bf1 e6 17. e3 Bxf1 18. Kxf1 Bf8 19. Bxf8 Kxf8 20. Reb1
Reb8 21. Rb3 Rb6 22. Rab1 Rab8 23. Ke2 Ke7 24. Kd3 Kd6 25. c4 c5 26. cxd5 Rxb3+
27. axb3 Kxd5 28. dxc5 Kxc5 29. Kc3 Rd8 30. Ra1 Kb6 1/2-1/2

[Event "Sevilla Open 2018"]
[Site "Sevilla ESP"]
[Date "2018.01.16"]
[Round "5.12"]
[White "Anurag, Mhamal"]
[Black "Schoorl, Rob"]
[Result "1-0"]
[WhiteElo "2472"]
[BlackElo "2275"]
[PlyCount "113"]
[EventDate "2018.01.12"]
[EventType "swiss"]
[EventRounds "9"]
[EventCountry "ESP"]
[SourceTitle "Ajedrez en Madrid"]
[Source "lmi"]
[SourceDate "2018.01.12"]
[SourceVersion "1"]
[SourceVersionDate "2018.01.25"]
[SourceQuality "1"]
[WhiteTeam "India"]
[BlackTeam "Holanda"]
[WhiteTeamCountry "IND"]
[BlackTeamCountry "NED"]

1. e4 c5 2. Nf3 g6 3. d4 cxd4 4. Nxd4 Nc6 5. c4 Bg7 6. Be3 Nf6 7. Nc3 O-O 8.
Be2 d6 9. O-O Bd7 10. Qd2 Nxd4 11. Bxd4 Bc6 12. Qd3 a5 13. Rad1 Nd7 14. Bxg7
Kxg7 15. Qd4+ Kg8 16. Bg4 Nf6 17. Bh3 e5 18. Qe3 Qe7 19. f4 exf4 20. Rxf4 Rae8
21. Re1 Qe5 22. Qf2 Nh5 23. Rf3 f5 24. Rf1 Bxe4 25. Nxe4 Qxe4 26. g4 Nf6 27.
gxf5 g5 28. Rb3 Qxc4 29. Rxb7 Re2 30. Qa7 Qh4 31. Rb3 Nh5 32. f6 Nxf6 33. Rbf3
g4 34. Qd4 Kg7 35. Rg3 h5 36. Rf5 Rc8 37. Qf4 Rcc2 38. Qxd6 Re1+ 39. Rf1 Rxf1+
40. Kxf1 Qg5 41. Kg1 h4 42. Qe7+ Kh6 43. Qf8+ Kg6 44. Rxg4 Nxg4 45. Qg8+ Kf5
46. Qd5+ Kf4 47. Qd4+ Kf5 48. Qd5+ Kf4 49. Qd4+ Kf3 50. Qd1+ Re2 51. Bg2+ Ke3
52. Qc1+ Rd2 53. Qe1+ Kd4 54. Qe4+ Kc5 55. Qc6+ Kb4 56. Qc3+ Kb5 57. a4+ 1-0

[Event "Sevilla Open 2018"]
[Site "Sevilla ESP"]
[Date "2018.01.16"]
[Round "5.13"]
[White "Biedma Martin, Enrique"]
[Black "Gomez Ledo, Roberto Carlos"]
[Result "0-1"]
[WhiteElo "2280"]
[BlackElo "2436"]
[PlyCount "171"]
[EventDate "2018.01.12"]
[EventType "swiss"]
[EventRounds "9"]
[EventCountry "ESP"]
[SourceTitle "Ajedrez en Madrid"]
[Source "lmi"]
[SourceDate "2018.01.12"]
[SourceVersion "1"]
[SourceVersionDate "2018.01.25"]
[SourceQuality "1"]
[WhiteTeam "España"]
[BlackTeam "Cuba"]
[WhiteTeamCountry "ESP"]
[BlackTeamCountry "CUB"]

1. Nf3 Nf6 2. c4 d6 3. d4 Nbd7 4. Nc3 e5 5. e4 Be7 6. Be2 O-O 7. O-O Re8 8. Re1
Bf8 9. Bf1 exd4 10. Nxd4 Ne5 11. f3 a6 12. Be3 Bd7 13. a4 g6 14. Qd2 Nh5 15. a5
c5 16. Nc2 Be6 17. Nd5 Bxd5 18. Qxd5 Nc6 19. Qd2 Ng7 20. Bg5 Be7 21. Bxe7 Qxe7
22. Ne3 Nb4 23. Nd5 Nxd5 24. cxd5 Qc7 25. b4 cxb4 26. Qxb4 Re7 27. Rec1 Qd7 28.
Rc3 f5 29. Bd3 fxe4 30. Bxe4 Rf8 31. Rac1 Ne8 32. Rc8 Nf6 33. Rxf8+ Kxf8 34.
Qd4 Kf7 35. h3 Qd8 36. Qb4 Rc7 37. Rxc7+ Qxc7 38. Kh2 Nd7 39. f4 Nc5 40. Bc2
Qe7 41. Qd2 Qf6 42. Qe3 Qb2 43. Bd1 Qf6 44. g4 Qa1 45. Bf3 Qxa5 46. f5 Qa2+ 47.
Kg3 Qb2 48. Qg5 Qf6 49. Qh6 Qg7 50. Qg5 Qe5+ 51. Kg2 a5 52. h4 Nd3 53. Qd8 gxf5
54. gxf5 Ne1+ 55. Kf2 Nxf3 56. Kxf3 Qxf5+ 57. Kg3 Qe5+ 58. Kg4 Qe4+ 59. Kg3
Qxd5 60. Qd7+ Kf8 61. Qd8+ Kg7 62. Qd7+ Qf7 63. Qb5 Qg6+ 64. Kh3 Qe6+ 65. Kg2
Qe4+ 66. Kh3 Qe3+ 67. Kg2 Qd2+ 68. Kf1 Qd1+ 69. Kf2 Qc2+ 70. Ke1 Qc3+ 71. Kf1
Qa1+ 72. Kg2 Qa2+ 73. Kg1 Qa1+ 74. Kg2 Qe5 75. Qxb7+ Kh6 76. Qa6 Qe4+ 77. Kg3
Kh5 78. Qc8 Qxh4+ 79. Kf3 Qf6+ 80. Ke4 a4 81. Ke3 a3 82. Qh3+ Kg6 83. Qh1 Qe5+
84. Kf2 Qf5+ 85. Ke3 a2 86. Kd4 0-1

[Event "Sevilla Open 2018"]
[Site "Sevilla ESP"]
[Date "2018.01.16"]
[Round "5.14"]
[White "Montecatine Rios, Ricardo"]
[Black "Lei, Tingjie"]
[Result "0-1"]
[WhiteElo "2150"]
[BlackElo "2531"]
[PlyCount "56"]
[EventDate "2018.01.12"]
[EventType "swiss"]
[EventRounds "9"]
[EventCountry "ESP"]
[SourceTitle "Ajedrez en Madrid"]
[Source "lmi"]
[SourceDate "2018.01.12"]
[SourceVersion "1"]
[SourceVersionDate "2018.01.25"]
[SourceQuality "1"]
[WhiteTeam "España"]
[BlackTeam "China"]
[WhiteTeamCountry "ESP"]
[BlackTeamCountry "CHN"]

1. d4 Nf6 2. c4 e6 3. Nc3 Bb4 4. f3 d5 5. a3 Bxc3+ 6. bxc3 c5 7. e3 O-O 8. Bd3
dxc4 9. Bxc4 Qc7 10. Ba2 b6 11. Ne2 Ba6 12. O-O Nc6 13. e4 Rfd8 14. d5 exd5 15.
exd5 Bxe2 16. Qxe2 Nxd5 17. Bg5 Rd7 18. Qc2 Qe5 19. Bxd5 Rxd5 20. f4 Qe3+ 21.
Kh1 Re8 22. Qa4 Na5 23. f5 Qe4 24. c4 Nxc4 25. Rf4 Qe5 26. Raf1 Nd2 27. Rd1 Ne4
28. Rdf1 Nxg5 0-1

[Event "Sevilla Open 2018"]
[Site "Sevilla ESP"]
[Date "2018.01.17"]
[Round "6.1"]
[White "Dvirnyy, Danyyil"]
[Black "Pulvett Marin, Daniel"]
[Result "1-0"]
[WhiteElo "2534"]
[BlackElo "2438"]
[PlyCount "65"]
[EventDate "2018.01.12"]
[EventType "swiss"]
[EventRounds "9"]
[EventCountry "ESP"]
[SourceTitle "Ajedrez en Madrid"]
[Source "lmi"]
[SourceDate "2018.01.12"]
[SourceVersion "1"]
[SourceVersionDate "2018.01.25"]
[SourceQuality "1"]
[WhiteTeam "Italia"]
[BlackTeam "Venezuela"]
[WhiteTeamCountry "ITA"]
[BlackTeamCountry "VEN"]

1. d4 Nf6 2. c4 g6 3. g3 Bg7 4. Bg2 O-O 5. Nc3 d6 6. Nf3 c6 7. O-O Bf5 8. Ne1
d5 9. Qb3 dxc4 10. Qxb7 Nbd7 11. Qxc6 Nb6 12. Qb5 Rc8 13. e4 Bd7 14. Qa6 e5 15.
dxe5 Ng4 16. f4 Qc7 17. Qa5 Rfe8 18. Nd1 Bf8 19. h3 Bc5+ 20. Kh1 Ba4 21. b3
cxb3 22. hxg4 Qd7 23. Nf3 Bb5 24. e6 Rxe6 25. Re1 Nc4 26. Qc3 Rd6 27. axb3 Rd3
28. Qc2 Qxg4 29. Qxd3 Ne5 30. Nh2 Qh5 31. Qxb5 Ng4 32. Bh3 Qxh3 33. Qe2 1-0

[Event "Sevilla Open 2018"]
[Site "Sevilla ESP"]
[Date "2018.01.17"]
[Round "6.2"]
[White "Vasquez Schroeder, Rodrigo"]
[Black "Anurag, Mhamal"]
[Result "0-1"]
[WhiteElo "2554"]
[BlackElo "2472"]
[PlyCount "142"]
[EventDate "2018.01.12"]
[EventType "swiss"]
[EventRounds "9"]
[EventCountry "ESP"]
[SourceTitle "Ajedrez en Madrid"]
[Source "lmi"]
[SourceDate "2018.01.12"]
[SourceVersion "1"]
[SourceVersionDate "2018.01.25"]
[SourceQuality "1"]
[WhiteTeam "Chile"]
[BlackTeam "India"]
[WhiteTeamCountry "CHI"]
[BlackTeamCountry "IND"]

1. e4 e5 2. Nf3 Nc6 3. Bc4 Bc5 4. c3 Nf6 5. d3 a6 6. Bb3 Ba7 7. h3 d6 8. Nbd2
O-O 9. Nf1 d5 10. Qe2 dxe4 11. dxe4 Nh5 12. g3 Nf6 13. Bg5 h6 14. Rd1 Qe7 15.
Bxf6 Qxf6 16. Ne3 Bxe3 17. Qxe3 Na5 18. Kf1 Nxb3 19. axb3 Qe6 20. b4 a5 21.
bxa5 f5 22. exf5 Qxf5 23. Nh4 Qf6 24. Kg1 Rxa5 25. Ng2 b6 26. Rd2 Qc6 27. Kh2
Bb7 28. Rg1 Ra1 29. f4 exf4 30. gxf4 Rxg1 31. Kxg1 Rf6 32. Re2 Kh7 33. Qd3+ Rg6
34. Kh2 Kh8 35. Qd8+ Kh7 36. Qd3 h5 37. Rf2 Kh6 38. Qd2 Rd6 39. Qe3 Re6 40. Qd2
Rd6 41. Qe3 Kh7 42. Qe2 Qd5 43. f5 Rh6 44. Qe3 Rf6 45. Qg5 Qe5+ 46. Kg1 Bxg2
47. Kxg2 Qe4+ 48. Kh2 Qe5+ 49. Kg2 Qd5+ 50. Kh2 Qd6+ 51. Kh1 Qd1+ 52. Kh2 Qd6+
53. Kh1 Qd1+ 54. Kh2 Kg8 55. Qf4 Qd7 56. Qe5 Kf7 57. Kg3 Qd6 58. Qxd6 Rxd6 59.
Rf3 Kf6 60. Kh4 Rd5 61. Kxh5 Rxf5+ 62. Rxf5+ Kxf5 63. b4 b5 64. Kh4 Kf4 65. Kh5
g5 66. Kg6 g4 67. hxg4 Kxg4 68. Kf6 Kf4 69. Ke6 Ke4 70. Kd7 Kd3 71. Kc6 Kc4 0-1

[Event "Sevilla Open 2018"]
[Site "Sevilla ESP"]
[Date "2018.01.17"]
[Round "6.3"]
[White "Xu, Yi"]
[Black "Kveinys, Aloyzas"]
[Result "1/2-1/2"]
[WhiteElo "2482"]
[BlackElo "2547"]
[PlyCount "39"]
[EventDate "2018.01.12"]
[EventType "swiss"]
[EventRounds "9"]
[EventCountry "ESP"]
[SourceTitle "Ajedrez en Madrid"]
[Source "lmi"]
[SourceDate "2018.01.12"]
[SourceVersion "1"]
[SourceVersionDate "2018.01.25"]
[SourceQuality "1"]
[WhiteTeam "China"]
[BlackTeam "Lituania"]
[WhiteTeamCountry "CHN"]
[BlackTeamCountry "LTU"]

1. e4 c5 2. Nf3 Nc6 3. Bb5 g6 4. Bxc6 bxc6 5. O-O Bg7 6. Re1 Nh6 7. c3 O-O 8.
h3 d6 9. d4 cxd4 10. cxd4 f6 11. Nc3 Nf7 12. Be3 f5 13. Rc1 fxe4 14. Nxe4 Be6
15. b3 Qd7 16. Nc3 Bf5 17. Nh4 Be6 18. Nf3 Bf5 19. Nh4 Be6 20. Nf3 1/2-1/2

[Event "Sevilla Open 2018"]
[Site "Sevilla ESP"]
[Date "2018.01.17"]
[Round "6.4"]
[White "Santos Latasa, Jaime"]
[Black "Swayams, Mishra"]
[Result "0-1"]
[WhiteElo "2546"]
[BlackElo "2432"]
[PlyCount "100"]
[EventDate "2018.01.12"]
[EventType "swiss"]
[EventRounds "9"]
[EventCountry "ESP"]
[SourceTitle "Ajedrez en Madrid"]
[Source "lmi"]
[SourceDate "2018.01.12"]
[SourceVersion "1"]
[SourceVersionDate "2018.01.25"]
[SourceQuality "1"]
[WhiteTeam "España"]
[BlackTeam "India"]
[WhiteTeamCountry "ESP"]
[BlackTeamCountry "IND"]

1. c4 e6 2. Nc3 d5 3. d4 Nf6 4. cxd5 exd5 5. Bg5 Bb4 6. e3 h6 7. Qa4+ Nc6 8.
Bxf6 Qxf6 9. Bb5 O-O 10. Nge2 Bxc3+ 11. Nxc3 Ne7 12. O-O c6 13. Be2 Nf5 14. Qd1
Re8 15. Rc1 Qg5 16. g3 Nd6 17. Bf3 Bh3 18. Re1 Re6 19. Ne2 Rxe3 20. Bg2 Bxg2
21. fxe3 Bf3 22. Qb3 Nf5 23. Kf2 Re8 24. Nf4 Qg4 25. Qxb7 Be4 26. Re2 Qf3+ 27.
Ke1 Nxe3 28. Qb3 Qh1+ 29. Kd2 Nf1+ 30. Rxf1 Qxf1 31. Qc3 Rb8 32. b3 Qb1 33. Ke3
Qg1+ 34. Kd2 Qb1 35. Ke3 Bf5 36. Kf2 Qh1 37. h4 Be4 38. Ke3 g5 39. hxg5 hxg5
40. Nd3 Qf3+ 41. Kd2 Qxg3 42. Re3 Qh2+ 43. Re2 Qh3 44. Re3 Qg2+ 45. Re2 Qf3 46.
Re3 Qf6 47. Ne5 Kg7 48. Kc1 Rh8 49. Re2 Qf1+ 50. Kd2 Rh3 0-1

[Event "Sevilla Open 2018"]
[Site "Sevilla ESP"]
[Date "2018.01.17"]
[Round "6.5"]
[White "Gomez Ledo, Roberto Carlos"]
[Black "Gleizerov, Evgeny"]
[Result "1/2-1/2"]
[WhiteElo "2436"]
[BlackElo "2509"]
[PlyCount "100"]
[EventDate "2018.01.12"]
[EventType "swiss"]
[EventRounds "9"]
[EventCountry "ESP"]
[SourceTitle "Ajedrez en Madrid"]
[Source "lmi"]
[SourceDate "2018.01.12"]
[SourceVersion "1"]
[SourceVersionDate "2018.01.25"]
[SourceQuality "1"]
[WhiteTeam "Cuba"]
[BlackTeam "Rusia"]
[WhiteTeamCountry "CUB"]
[BlackTeamCountry "RUS"]

1. d4 e6 2. Bf4 f5 3. e3 Nf6 4. Nf3 Be7 5. h3 O-O 6. Be2 b6 7. O-O Bb7 8. Nfd2
c5 9. Bf3 Bxf3 10. Nxf3 d5 11. Ne5 Nfd7 12. Nxd7 Nxd7 13. Nd2 b5 14. a4 a6 15.
Nf3 Qb6 16. Ne5 Nxe5 17. Bxe5 c4 18. axb5 axb5 19. Qf3 Qc6 20. Qg3 Rf7 21. Kh1
Bf8 22. Qg5 Rfa7 23. Rxa7 Rxa7 24. g4 fxg4 25. Qxg4 Qe8 26. Rg1 Qf7 27. Qh4 Qf5
28. Rg4 Qxc2 29. e4 Rf7 30. Bxg7 Qd1+ 31. Kh2 Rxg7 32. Rxg7+ Bxg7 33. Qd8+ Kf7
34. Qc7+ Kg6 35. Qg3+ Kh6 36. Qf4+ Kg6 37. Qg3+ Kf7 38. Qc7+ Kg8 39. Qd8+ Bf8
40. Qg5+ Kf7 41. Qf4+ Kg6 42. Qg3+ Kf7 43. Qf4+ Kg8 44. Qg5+ Bg7 45. Qd8+ Kf7
46. Qc7+ Kg6 47. Qg3+ Kh5 48. Qxg7 Qe2 49. Qe5+ Kh4 50. Qg3+ Kh5 1/2-1/2

[Event "Sevilla Open 2018"]
[Site "Sevilla ESP"]
[Date "2018.01.17"]
[Round "6.6"]
[White "Pap, Misa"]
[Black "Bjerre, Jonas Buhl"]
[Result "1-0"]
[WhiteElo "2491"]
[BlackElo "2367"]
[PlyCount "117"]
[EventDate "2018.01.12"]
[EventType "swiss"]
[EventRounds "9"]
[EventCountry "ESP"]
[SourceTitle "Ajedrez en Madrid"]
[Source "lmi"]
[SourceDate "2018.01.12"]
[SourceVersion "1"]
[SourceVersionDate "2018.01.25"]
[SourceQuality "1"]
[WhiteTeam "Serbia"]
[BlackTeam "Dinamarca"]
[WhiteTeamCountry "SRB"]
[BlackTeamCountry "DEN"]

1. e4 c5 2. c3 Nf6 3. e5 Nd5 4. Nf3 e6 5. d4 cxd4 6. cxd4 b6 7. Bd3 Ba6 8. Nc3
Nxc3 9. bxc3 Bxd3 10. Qxd3 d5 11. h4 Nc6 12. h5 h6 13. Rh3 Qc7 14. Kf1 O-O-O
15. Kg1 Kb7 16. Nd2 Rc8 17. f4 Rg8 18. Rg3 Ne7 19. a4 a5 20. Nf1 Nf5 21. Rh3 g6
22. Bd2 gxh5 23. Rxh5 f6 24. Qf3 Qh7 25. Re1 Qg6 26. Kh2 Rc7 27. exf6 Qxf6 28.
g4 Nd6 29. Ng3 Ka7 30. f5 exf5 31. gxf5 Ne4 32. Nxe4 dxe4 33. Rxe4 Bd6+ 34. Kh1
Rg3 35. Qf1 Qf7 36. Rh3 Rxh3+ 37. Qxh3 Qa2 38. Qd3 Qxa4 39. Re1 Qc6+ 40. Qe4
Qb5 41. Qf3 Rf7 42. f6 Qb2 43. Re8 Qb1+ 44. Kg2 Qg6+ 45. Kh3 Bb8 46. Re6 h5 47.
Be3 a4 48. d5 Bc7 49. d6 Bd8 50. Bd4 a3 51. c4 Qg4+ 52. Qxg4 hxg4+ 53. Kxg4 Kb8
54. Re7 Rf8 55. Kf5 Kc8 56. Ra7 a2 57. Ke6 Re8+ 58. Kd5 Re2 59. f7 1-0

[Event "Sevilla Open 2018"]
[Site "Sevilla ESP"]
[Date "2018.01.17"]
[Round "6.7"]
[White "Carrasco Martinez, Juan M"]
[Black "Saric, Ante"]
[Result "0-1"]
[WhiteElo "2373"]
[BlackElo "2537"]
[PlyCount "66"]
[EventDate "2018.01.12"]
[EventType "swiss"]
[EventRounds "9"]
[EventCountry "ESP"]
[SourceTitle "Ajedrez en Madrid"]
[Source "lmi"]
[SourceDate "2018.01.12"]
[SourceVersion "1"]
[SourceVersionDate "2018.01.25"]
[SourceQuality "1"]
[WhiteTeam "España"]
[BlackTeam "Croacia"]
[WhiteTeamCountry "ESP"]
[BlackTeamCountry "CRO"]

1. e4 c5 2. Nc3 d6 3. Bb5+ Bd7 4. a4 Nc6 5. f4 g6 6. Nf3 Bg7 7. O-O e6 8. d3
Nge7 9. Bd2 Nd4 10. Nxd4 cxd4 11. Bxd7+ Qxd7 12. Ne2 O-O 13. c4 dxc3 14. Bxc3
Bxc3 15. bxc3 Rac8 16. Qb3 d5 17. Ng3 h5 18. exd5 Nxd5 19. c4 Ne3 20. Rfe1 Qd4
21. Ne2 Qf6 22. Rac1 b6 23. d4 Nf5 24. Red1 Rfd8 25. d5 exd5 26. cxd5 Nd4 27.
Qd3 Nxe2+ 28. Qxe2 Rxc1 29. Rxc1 Rxd5 30. Qe8+ Kg7 31. Rf1 Qd4+ 32. Kh1 Qxf4
33. Re1 Ra5 0-1

[Event "Sevilla Open 2018"]
[Site "Sevilla ESP"]
[Date "2018.01.17"]
[Round "6.8"]
[White "Alshameary Puente, Ismael"]
[Black "Swapnil, S. Dhopade"]
[Result "0-1"]
[WhiteElo "2342"]
[BlackElo "2533"]
[PlyCount "58"]
[EventDate "2018.01.12"]
[EventType "swiss"]
[EventRounds "9"]
[EventCountry "ESP"]
[SourceTitle "Ajedrez en Madrid"]
[Source "lmi"]
[SourceDate "2018.01.12"]
[SourceVersion "1"]
[SourceVersionDate "2018.01.25"]
[SourceQuality "1"]
[WhiteTeam "España"]
[BlackTeam "India"]
[WhiteTeamCountry "ESP"]
[BlackTeamCountry "IND"]

1. d4 Nf6 2. c4 e6 3. Nc3 Bb4 4. e3 O-O 5. Bd3 d5 6. Nf3 dxc4 7. Bxc4 c5 8. O-O
Nc6 9. a3 Bxc3 10. bxc3 Qc7 11. h3 e5 12. Qe2 Bf5 13. Bb2 Rad8 14. Rfd1 e4 15.
Nd2 Bg6 16. Nf1 h5 17. Ba2 h4 18. Qb5 Nd7 19. a4 a6 20. Qe2 Nf6 21. Qc4 Rd5 22.
dxc5 Rg5 23. Rd6 Ne5 24. Qb4 Qc8 25. Kh1 Qf5 26. Rad1 Rxg2 27. Kxg2 Qf3+ 28.
Kh2 Qxf2+ 29. Kh1 Nf3 0-1